000 00306nam a2200121Ia 4500
008 220204s9999 xx 000 0 und d
082 _a635.1/.8(540)
_bKAT
100 _aKATYAL, S L
245 0 _aVegetable growing in India
260 _aNew Delhi
_bOxford & IBH
_c1977
650 _aVegetables
942 _cBK
999 _c27533
_d27533